[Event "Staufer op 06th"]
[Site "Schwaebisch Gmuend"]
[Date "1994.??.??"]
[Round "8"]
[White "Kupreichik, Viktor D"]
[Black "Miezis, Normunds"]
[Result "1-0"]
[WhiteElo "2515"]
[BlackElo "2430"]
[PlyCount "51"]
[EventDate "1994.01.??"]
[EventType "swiss"]
[EventRounds "9"]
[EventCountry "GER"]
[SourceTitle "EXT 1997"]
[Source "ChessBase"]
[SourceDate "1996.11.15"]
[SourceVersion "1"]
[SourceVersionDate "1996.11.15"]
[SourceQuality "1"]

1. e4 c5 2. Nf3 e6 3. Nc3 a6 4. g3 Nc6 5. Bg2 g6 6. d4 cxd4 7. Nxd4 Bg7 8. Be3
Nge7 9. Nb3 O-O 10. O-O Ne5 11. Bc5 b6 12. Bb4 a5 13. Bd6 Ba6 14. Re1 Nc4 15.
e5 Rc8 16. Na4 f6 17. Nd2 fxe5 18. Nxc4 Rxc4 19. c3 Rc8 20. Qb3 Bc4 21. Qxb6
Nd5 22. Qxd8 Rfxd8 23. b3 Bb5 24. c4 Bxa4 25. cxd5 Bb5 26. dxe6 1-0

[Event "Minsk Boleslavsky Memorial"]
[Site "Minsk"]
[Date "1994.??.??"]
[Round "7"]
[White "Pedersen, Steffen"]
[Black "Kupreichik, Viktor D"]
[Result "0-1"]
[WhiteElo "2420"]
[BlackElo "2515"]
[PlyCount "84"]
[EventDate "1994.02.??"]
[EventType "tourn"]
[EventRounds "11"]
[EventCountry "BLR"]
[EventCategory "10"]
[SourceTitle "CBM 042"]
[Source "ChessBase"]
[SourceDate "1994.10.01"]
[SourceVersion "1"]
[SourceVersionDate "1994.10.01"]
[SourceQuality "1"]

1. d4 Nf6 2. c4 d6 3. Nc3 g6 4. Bg5 Nbd7 5. e3 h6 6. Bh4 c6 7. Be2 e5 8. Nf3
Qe7 9. dxe5 dxe5 10. Nd2 Bg7 11. Nde4 O-O 12. Qd6 Qd8 13. Nxf6+ Nxf6 14. O-O-O
Qxd6 15. Rxd6 Be6 16. Rhd1 g5 17. Bg3 Ne8 18. Rd8 Rxd8 19. Rxd8 Nc7 20. Rxf8+
Kxf8 21. f3 Ke8 22. h4 f5 23. hxg5 hxg5 24. Kc2 Kd7 25. a3 Ne8 26. Bf2 Nd6 27.
b3 e4 28. c5 exf3 29. gxf3 Nf7 30. f4 g4 31. e4 Nh6 32. Bd3 fxe4 33. Bxe4 Bf5
34. Bxf5+ Nxf5 35. Ne2 Ke6 36. Kd3 Kd5 37. b4 Bb2 38. a4 Ba3 39. b5 Bb2 40. Bg1
g3 41. Kc2 Bd4 42. bxc6 bxc6 0-1

[Event "Bad Woerishofen op 10th"]
[Site "Bad Woerishofen"]
[Date "1994.??.??"]
[Round "6"]
[White "Kupreichik, Viktor D"]
[Black "Kindermann, Stefan"]
[Result "1-0"]
[WhiteElo "2515"]
[BlackElo "2535"]
[PlyCount "69"]
[EventDate "1994.03.??"]
[EventType "swiss"]
[EventRounds "9"]
[EventCountry "GER"]
[SourceTitle "CBM 039 Extra"]
[Source "ChessBase"]
[SourceDate "1994.05.01"]
[SourceVersion "1"]
[SourceVersionDate "1994.05.01"]
[SourceQuality "1"]

1. e4 e6 2. d4 d5 3. e5 c5 4. c3 Nc6 5. Be3 Qb6 6. Qd2 Bd7 7. Nf3 f6 8. Bd3
fxe5 9. Nxe5 Nf6 10. O-O Bd6 11. dxc5 Bxc5 12. Bxc5 Qxc5 13. Nxd7 Nxd7 14. Qe2
Qe7 15. Re1 O-O 16. Qxe6+ Qxe6 17. Rxe6 Nc5 18. Re3 Rae8 19. Be2 Rxe3 20. fxe3
Re8 21. Bf3 Rxe3 22. Bxd5+ Kf8 23. Na3 Ne5 24. Nc4 Rd3 25. Rf1+ Ke7 26. Bg8
Ncd7 27. Bxh7 g6 28. Bg8 b5 29. Nxe5 Nxe5 30. Bb3 a5 31. h3 Rd8 32. Rd1 Re8 33.
Rd5 Kf6 34. Rd6+ Kg5 35. Bc2 1-0

[Event "Berliner Sommer 12th"]
[Site "Berlin"]
[Date "1994.??.??"]
[Round "?"]
[White "Klovans, Janis"]
[Black "Kupreichik, Viktor D"]
[Result "0-1"]
[WhiteElo "2405"]
[BlackElo "2545"]
[PlyCount "96"]
[EventDate "1994.08.??"]
[EventType "swiss"]
[EventRounds "9"]
[EventCountry "GER"]
[SourceTitle "EXT 1997"]
[Source "ChessBase"]
[SourceDate "1996.11.15"]
[SourceVersion "1"]
[SourceVersionDate "1996.11.15"]
[SourceQuality "1"]

1. e4 c5 2. Nf3 a6 3. c3 d5 4. exd5 Qxd5 5. d4 e6 6. Be2 Nf6 7. O-O Nc6 8. Be3
cxd4 9. Nxd4 e5 10. c4 Qd6 11. Nb3 Qxd1 12. Rxd1 Bf5 13. Nc3 Bc2 14. Rd2 Bxb3
15. axb3 Bb4 16. Rdd1 Rd8 17. Rxd8+ Kxd8 18. Bb6+ Ke7 19. Bf3 Rc8 20. Ra4 Bxc3
21. bxc3 e4 22. Be2 Nd7 23. Be3 f5 24. f3 Kd6 25. Ra1 Nf6 26. Rd1+ Ke6 27. c5
Ne5 28. Rd6+ Ke7 29. b4 Rc6 30. Rd4 h6 31. Bf4 Re6 32. Kf2 g5 33. Bc1 f4 34.
fxe4 Nc6 35. Rd3 Nxe4+ 36. Kf1 Ne5 37. Rh3 f3 38. gxf3 Nxc3 39. Bb2 Nxe2 40.
Bxe5 Rxe5 41. Rxh6 Kd7 42. Rh7+ Kc6 43. Rh6+ Kc7 44. Rh7+ Kb8 45. Kf2 Nf4 46.
Kg3 Nd3 47. h4 gxh4+ 48. Rxh4 Rg5+ 0-1

[Event "Berliner Sommer 12th"]
[Site "Berlin"]
[Date "1994.??.??"]
[Round "?"]
[White "Kupreichik, Viktor D"]
[Black "Zschaebitz, Klaus"]
[Result "1-0"]
[WhiteElo "2545"]
[BlackElo "2305"]
[PlyCount "65"]
[EventDate "1994.08.??"]
[EventType "swiss"]
[EventRounds "9"]
[EventCountry "GER"]
[SourceTitle "EXT 1997"]
[Source "ChessBase"]
[SourceDate "1996.11.15"]
[SourceVersion "1"]
[SourceVersionDate "1996.11.15"]
[SourceQuality "1"]

1. e4 e6 2. d4 d5 3. e5 c5 4. c3 Nc6 5. Be3 Qb6 6. Qd2 Bd7 7. Nf3 f6 8. Bd3
cxd4 9. cxd4 Nb4 10. Be2 Bb5 11. a3 Bxe2 12. Qxe2 Qa6 13. Qxa6 Nxa6 14. Nbd2
Ne7 15. Ke2 Rc8 16. Rhc1 Kd7 17. b4 Rxc1 18. Rxc1 Nc8 19. Nb3 Nb8 20. g4 Be7
21. Bf4 Nb6 22. exf6 gxf6 23. Rc7+ Ke8 24. Rxb7 N8d7 25. Nc5 Bxc5 26. dxc5 Nc8
27. c6 Ndb6 28. Bb8 a6 29. Nd4 h5 30. gxh5 Nc4 31. Nxe6 Nxa3 32. Rd7 Rh6 33.
Bf4 1-0

[Event "Berliner Sommer 12th"]
[Site "Berlin"]
[Date "1994.??.??"]
[Round "?"]
[White "Meyer, C."]
[Black "Kupreichik, Viktor D"]
[Result "0-1"]
[WhiteElo "2320"]
[BlackElo "2545"]
[PlyCount "76"]
[EventDate "1994.08.??"]
[EventType "swiss"]
[EventRounds "9"]
[EventCountry "GER"]
[SourceTitle "EXT 1997"]
[Source "ChessBase"]
[SourceDate "1996.11.15"]
[SourceVersion "1"]
[SourceVersionDate "1996.11.15"]
[SourceQuality "1"]

1. c4 g6 2. Nf3 Bg7 3. g3 e5 4. Nc3 f5 5. d3 d6 6. Bg2 Nf6 7. O-O O-O 8. Rb1
Nh5 9. Ne1 Nc6 10. b4 Kh8 11. b5 Nd4 12. Nc2 Ne6 13. Bb2 a5 14. bxa6 Rxa6 15.
a4 Nc5 16. Nb4 Ra5 17. Ra1 c6 18. Qc2 Bd7 19. Nba2 Qa8 20. Nc1 Ra6 21. Nb3 Ne6
22. a5 Qd8 23. Na4 f4 24. Nb6 Be8 25. Nd2 g5 26. Ne4 g4 27. Rfe1 Bg6 28. Qb3
Bxe4 29. dxe4 Nc5 30. Qc3 Nf6 31. Qc2 Ne8 32. Ra3 Nc7 33. Rd1 N7e6 34. Qd2 Qf6
35. f3 Qg6 36. Qe1 Nd4 37. Qf2 fxg3 38. hxg3 Nxe4 0-1

[Event "Berliner Sommer 12th"]
[Site "Berlin"]
[Date "1994.??.??"]
[Round "?"]
[White "Moran Nuque, Augusto"]
[Black "Kupreichik, Viktor D"]
[Result "0-1"]
[WhiteElo "2415"]
[BlackElo "2545"]
[PlyCount "61"]
[EventDate "1994.08.??"]
[EventType "swiss"]
[EventRounds "9"]
[EventCountry "GER"]
[SourceTitle "EXT 1997"]
[Source "ChessBase"]
[SourceDate "1996.11.15"]
[SourceVersion "1"]
[SourceVersionDate "1996.11.15"]
[SourceQuality "1"]

1. d4 Nf6 2. c4 g6 3. Nc3 Bg7 4. Bg5 d6 5. e3 h6 6. Bh4 Nbd7 7. Nf3 g5 8. Bg3
Nh5 9. Be2 e6 10. Qc2 f5 11. Nd2 Ndf6 12. O-O-O Qe7 13. f4 Bd7 14. Bf3 Rb8 15.
Nb3 O-O 16. Kb1 a6 17. c5 b5 18. c6 Be8 19. Na5 g4 20. Be2 Nxg3 21. hxg3 Nh5
22. Bd3 Nxg3 23. Rhe1 h5 24. Ne2 Nxe2 25. Rxe2 Bg6 26. g3 h4 27. e4 Qf6 28.
gxh4 Qxh4 29. d5 g3 30. dxe6 Bh5 31. exf5 0-1

[Event "Muenster op"]
[Site "Muenster"]
[Date "1994.??.??"]
[Round "5"]
[White "Krakops, Maris"]
[Black "Kupreichik, Viktor D"]
[Result "0-1"]
[WhiteElo "2375"]
[BlackElo "2545"]
[PlyCount "80"]
[EventDate "1994.09.??"]
[EventType "swiss"]
[EventRounds "9"]
[EventCountry "GER"]
[SourceTitle "EXT 1998"]
[Source "ChessBase"]
[SourceDate "1997.11.17"]
[SourceVersion "1"]
[SourceVersionDate "1997.11.17"]
[SourceQuality "1"]

1. e4 c5 2. Nf3 d6 3. d4 cxd4 4. Nxd4 Nf6 5. Nc3 Bd7 6. Bc4 Nc6 7. O-O e6 8.
Bb3 Be7 9. Ndb5 Qb8 10. Bg5 a6 11. Bxf6 gxf6 12. Nd4 O-O 13. Kh1 Qa7 14. Nxc6
bxc6 15. Qh5 Kh8 16. f4 Be8 17. f5 d5 18. exd5 exd5 19. Rae1 Rg8 20. Qh6 Qc5
21. Ne2 Qd6 22. c4 d4 23. c5 Qxc5 24. Ng3 d3 25. Re4 Bf8 26. Qxf6+ Bg7 27. Qh4
Bxb2 28. Qh5 Bf6 29. Bxf7 Bxf7 30. Qxf7 Rgf8 31. Qb3 d2 32. Rd1 Rab8 33. Qc4
Qxc4 34. Rxc4 Rfd8 35. Ne4 Rb1 36. Nf2 Rxd1+ 37. Nxd1 Re8 38. Kg1 Re1+ 39. Kf2
Rxd1 40. Ke2 Rc1 0-1

[Event "Muenster op"]
[Site "Muenster"]
[Date "1994.??.??"]
[Round "8"]
[White "Kupreichik, Viktor D"]
[Black "Stoering, Volker"]
[Result "1-0"]
[WhiteElo "2545"]
[BlackElo "2320"]
[PlyCount "81"]
[EventDate "1994.09.??"]
[EventType "swiss"]
[EventRounds "9"]
[EventCountry "GER"]
[SourceTitle "EXT 1998"]
[Source "ChessBase"]
[SourceDate "1997.11.17"]
[SourceVersion "1"]
[SourceVersionDate "1997.11.17"]
[SourceQuality "1"]

1. e4 c5 2. Nf3 e6 3. Nc3 Nc6 4. Be2 a6 5. d4 cxd4 6. Nxd4 Qc7 7. f4 Nxd4 8.
Qxd4 b5 9. Be3 Bb7 10. Bd3 Nf6 11. a4 b4 12. Nd1 d5 13. e5 Nd7 14. b3 Bc5 15.
Qb2 Bxe3 16. Nxe3 Qc5 17. Qc1 Qc3+ 18. Ke2 f6 19. exf6 Qxf6 20. Ng4 Qh4 21. h3
O-O 22. Qe3 Rae8 23. Kd2 h5 24. g3 Qd8 25. Ne5 d4 26. Qxd4 Nxe5 27. Qxe5 Rf5
28. Qe3 Bxh1 29. Rxh1 Rd5 30. Qe4 Qf6 31. Qxb4 h4 32. Qe4 hxg3 33. Rg1 Rd4 34.
Qh7+ Kf8 35. Rxg3 Qxf4+ 36. Re3 Qg5 37. Ke2 Rh4 38. Qg6 Qxg6 39. Bxg6 Re7 40.
Rf3+ Kg8 41. Rc3 1-0

[Event "BL2-West 9495"]
[Site "Germany"]
[Date "1995.??.??"]
[Round "3.2"]
[White "Kupreichik, Viktor D"]
[Black "Fritsche, Lutz"]
[Result "1-0"]
[WhiteElo "2545"]
[BlackElo "2365"]
[PlyCount "47"]
[EventDate "1994.10.??"]
[EventType "team-tourn"]
[EventRounds "9"]
[EventCountry "GER"]
[SourceTitle "GER-chT2"]
[Source "ChessBase"]
[SourceDate "1999.07.01"]
[SourceVersion "1"]
[SourceVersionDate "1999.07.01"]
[SourceQuality "1"]
[WhiteTeam "Plettenberg"]
[BlackTeam "Koblenz"]
[WhiteTeamCountry "GER"]
[BlackTeamCountry "GER"]

1. e4 f6 2. d4 e6 3. Nc3 Nc6 4. Be3 Nge7 5. Bc4 g6 6. d5 Ne5 7. Bb3 exd5 8.
Nxd5 Bg7 9. Nf3 d6 10. Nxe5 dxe5 11. Bh6 Kf8 12. Nb6 Qxd1+ 13. Rxd1 Bg4 14.
Nxa8 Bxd1 15. Be3 Bg4 16. Nxc7 b6 17. f3 Bd7 18. Kf2 Nc6 19. Rd1 Ke7 20. Nd5+
Kd8 21. Ba4 Kc8 22. Ne7+ Kc7 23. Rxd7+ Kxd7 24. Nxc6 1-0

[Event "BL2-West 9495"]
[Site "Germany"]
[Date "1995.??.??"]
[Round "5.2"]
[White "Kupreichik, Viktor D"]
[Black "Bosboom, Manuel"]
[Result "1-0"]
[WhiteElo "2545"]
[BlackElo "2380"]
[PlyCount "71"]
[EventDate "1994.10.??"]
[EventType "team-tourn"]
[EventRounds "9"]
[EventCountry "GER"]
[SourceTitle "GER-chT2"]
[Source "ChessBase"]
[SourceDate "1999.07.01"]
[SourceVersion "1"]
[SourceVersionDate "1999.07.01"]
[SourceQuality "1"]
[WhiteTeam "Plettenberg"]
[BlackTeam "Muenster"]
[WhiteTeamCountry "GER"]
[BlackTeamCountry "GER"]

1. e4 c5 2. Nf3 e6 3. Nc3 a6 4. g3 Nc6 5. Bg2 d6 6. O-O Be7 7. d4 cxd4 8. Nxd4
Bd7 9. Nb3 Rc8 10. f4 Nf6 11. Be3 b5 12. Kh1 h6 13. Qe2 Qc7 14. a3 O-O 15. g4
Nh7 16. Rad1 b4 17. axb4 Nxb4 18. Nd4 Rb8 19. Qf2 Nc6 20. b3 Rfc8 21. Rd2 Nf6
22. Qg3 Rb4 23. Nde2 Be8 24. h4 h5 25. g5 Ng4 26. Bg1 a5 27. Bf3 Na7 28. f5 g6
29. Bxg4 hxg4 30. fxg6 fxg6 31. Qxg4 Bd7 32. h5 Kg7 33. Rf6 Rh8 34. h6+ Rxh6+
35. gxh6+ Kxf6 36. Qf4# 1-0

[Event "BL2-West 9495"]
[Site "Germany"]
[Date "1995.??.??"]
[Round "7.2"]
[White "Kupreichik, Viktor D"]
[Black "Levin, Felix"]
[Result "1-0"]
[WhiteElo "2545"]
[BlackElo "2480"]
[PlyCount "115"]
[EventDate "1994.10.??"]
[EventType "team-tourn"]
[EventRounds "9"]
[EventCountry "GER"]
[SourceTitle "GER-chT2"]
[Source "ChessBase"]
[SourceDate "1999.07.01"]
[SourceVersion "1"]
[SourceVersionDate "1999.07.01"]
[SourceQuality "1"]
[WhiteTeam "Plettenberg"]
[BlackTeam "Porz II"]
[WhiteTeamCountry "GER"]
[BlackTeamCountry "GER"]

1. e4 e5 2. Nf3 Nc6 3. Bb5 Nf6 4. d3 d6 5. O-O Bd7 6. Re1 g6 7. d4 Bg7 8. dxe5
Nxe5 9. Bxd7+ Qxd7 10. Bg5 O-O 11. Nxe5 dxe5 12. Qxd7 Nxd7 13. Rd1 Nb6 14. Nc3
c6 15. a4 f6 16. Be3 Rf7 17. Rd3 Nc4 18. Bc1 Bf8 19. b3 Nb6 20. Be3 Nd7 21.
Rad1 Nc5 22. Rd8 Rxd8 23. Rxd8 Ne6 24. Re8 Nd4 25. Bxd4 exd4 26. Ne2 Rd7 27.
Nf4 Kf7 28. Ra8 a6 29. Nd3 Rc7 30. Kf1 c5 31. Nf4 Bd6 32. Nd5 Rc6 33. Ke2 c4
34. b4 f5 35. f3 fxe4 36. fxe4 Bxh2 37. Ra7 Ke6 38. Rxb7 h5 39. Rb6 Rxb6 40.
Nxb6 Ke5 41. Kf3 c3 42. Nc4+ Ke6 43. Ke2 g5 44. Kd3 h4 45. Kxd4 Bg1+ 46. Kd3 g4
47. Ke2 Bd4 48. b5 axb5 49. axb5 Kd7 50. e5 Ke6 51. b6 Bxb6 52. Nxb6 h3 53.
gxh3 gxh3 54. Kf3 Kxe5 55. Kg3 Kd4 56. Kxh3 Kc5 57. Nd7+ Kd4 58. Nb8 1-0

[Event "BL2-West 9495"]
[Site "Germany"]
[Date "1995.??.??"]
[Round "8.2"]
[White "Kupreichik, Viktor D"]
[Black "Kohlweyer, Bernd"]
[Result "1-0"]
[WhiteElo "2545"]
[BlackElo "2435"]
[PlyCount "65"]
[EventDate "1994.10.??"]
[EventType "team-tourn"]
[EventRounds "9"]
[EventCountry "GER"]
[SourceTitle "GER-chT2"]
[Source "ChessBase"]
[SourceDate "1999.07.01"]
[SourceVersion "1"]
[SourceVersionDate "1999.07.01"]
[SourceQuality "1"]
[WhiteTeam "Plettenberg"]
[BlackTeam "St Ingbert"]
[WhiteTeamCountry "GER"]
[BlackTeamCountry "GER"]

1. e4 c5 2. Nf3 d6 3. Nc3 Nf6 4. d4 cxd4 5. Nxd4 a6 6. h3 e6 7. g4 b5 8. Bg2
Bb7 9. g5 Nfd7 10. f4 Nb6 11. O-O b4 12. Nce2 d5 13. exd5 Bxd5 14. f5 e5 15.
Nb3 Nc6 16. Qe1 Bxg2 17. Kxg2 Be7 18. Qg3 Qd5+ 19. Kh2 O-O-O 20. c3 Kb7 21.
cxb4 Bxb4 22. Nc3 Qc4 23. Be3 Nd5 24. Nxd5 Rxd5 25. Rac1 Qb5 26. f6 g6 27. Rf2
Bd6 28. Qg4 e4+ 29. Kg2 Rc8 30. Nd4 Rxd4 31. Bxd4 Qd5 32. Be3 Rc7 33. Rd1 1-0

[Event "YUG-chT"]
[Site "Nis"]
[Date "1994.??.??"]
[Round "?"]
[White "Kupreichik, Viktor D"]
[Black "Marjanovic, Slavoljub"]
[Result "1-0"]
[WhiteElo "2515"]
[BlackElo "2425"]
[PlyCount "59"]
[EventDate "1994.10.??"]
[EventType "team"]
[EventRounds "11"]
[EventCountry "YUG"]
[SourceTitle "EXT 1997"]
[Source "ChessBase"]
[SourceDate "1996.11.15"]
[SourceVersion "1"]
[SourceVersionDate "1996.11.15"]
[SourceQuality "1"]

1. e4 c5 2. Nf3 e6 3. Nc3 a6 4. g3 b5 5. d4 cxd4 6. Nxd4 Bb7 7. Bg2 Nf6 8. O-O
d6 9. Re1 Nbd7 10. e5 dxe5 11. Nxe6 Qb8 12. Nxf8 Kxf8 13. Nd5 h5 14. b3 h4 15.
g4 h3 16. Ba3+ Ke8 17. Bf3 Rh4 18. Ne3 b4 19. Bxb4 Bxf3 20. Qxf3 e4 21. Qg3 Ne5
22. Rad1 Qxb4 23. Qxe5+ Kf8 24. g5 Rh5 25. Kh1 Nh7 26. Rg1 f6 27. Qf4 Rxg5 28.
Rd7 Qb5 29. Rxg5 Qe2 30. Qxe4 1-0

[Event "Olympiad-31"]
[Site "Moscow"]
[Date "1994.12.01"]
[Round "1.1"]
[White "Ramos, Domingo"]
[Black "Kupreichik, Viktor D"]
[Result "0-1"]
[WhiteElo "2335"]
[BlackElo "2545"]
[PlyCount "74"]
[EventDate "1994.12.01"]
[EventType "team-swiss"]
[EventRounds "14"]
[EventCountry "RUS"]
[SourceTitle "CBM 045"]
[Source "ChessBase"]
[SourceDate "1995.04.01"]
[SourceVersion "1"]
[SourceVersionDate "1995.04.01"]
[SourceQuality "1"]
[WhiteTeam "Japan"]
[BlackTeam "Belarus"]
[WhiteTeamCountry "JPN"]
[BlackTeamCountry "BLR"]

1. Nf3 Nf6 2. d4 d6 3. Bg5 Nbd7 4. e3 h6 5. Bh4 g5 6. Bg3 Bg7 7. h4 g4 8. Nh2
h5 9. Bd3 e5 10. Nc3 Qe7 11. Ne2 Nb6 12. c3 Bd7 13. Nf1 Bc6 14. Rh2 a5 15. a4
Ne4 16. f3 Nxg3 17. Nexg3 gxf3 18. gxf3 Bf6 19. Nf5 Qd7 20. b3 Nd5 21. Rc1 Ne7
22. N1g3 O-O-O 23. Kf2 Kb8 24. Nxe7 Qxe7 25. Nf5 Qe8 26. Qe2 Bd7 27. d5 e4 28.
fxe4 Bxf5 29. exf5 Qe5 30. Rh3 Rdg8 31. Rg1 Rxg1 32. Kxg1 Rg8+ 33. Kf1 Qxc3 34.
Qc2 Qa1+ 35. Qb1 Qe5 36. Be2 Bxh4 37. Qd3 Qg7 0-1

[Event "Olympiad-31"]
[Site "Moscow"]
[Date "1994.12.04"]
[Round "4.2"]
[White "Spasov, Vasil"]
[Black "Kupreichik, Viktor D"]
[Result "0-1"]
[WhiteElo "2525"]
[BlackElo "2545"]
[PlyCount "89"]
[EventDate "1994.12.01"]
[EventType "team-swiss"]
[EventRounds "14"]
[EventCountry "RUS"]
[SourceTitle "CBM 045"]
[Source "ChessBase"]
[SourceDate "1995.04.01"]
[SourceVersion "1"]
[SourceVersionDate "1995.04.01"]
[SourceQuality "1"]
[WhiteTeam "Bulgaria"]
[BlackTeam "Belarus"]
[WhiteTeamCountry "BUL"]
[BlackTeamCountry "BLR"]

1. e4 c5 2. Nf3 d6 3. d4 cxd4 4. Nxd4 Nf6 5. Nc3 Bd7 6. Bg5 e6 7. Ndb5 Bc6 8.
Bxf6 gxf6 9. Qh5 a6 10. Nd4 Bd7 11. O-O-O Nc6 12. Nxc6 bxc6 13. Bc4 Qb6 14.
Rhf1 Rb8 15. Bb3 c5 16. Qe2 Bb5 17. Nxb5 axb5 18. c4 bxc4 19. Qxc4 Bg7 20. f4
f5 21. exf5 d5 22. Qa4+ Ke7 23. fxe6 Rhd8 24. exf7 Ra8 25. Rfe1+ Kxf7 26. Qe4
c4 27. Rxd5 cxb3 28. Qc4 Kf8 29. Rxd8+ Rxd8 30. Qxb3 Rc8+ 31. Kb1 Qg6+ 32. f5
Qxg2 33. a4 Qxh2 34. Ka2 Rb8 35. Re2 Qf4 36. Qd5 Qxa4+ 37. Kb1 Qd4 38. Qxd4
Bxd4 39. Kc2 Bxb2 40. Kd3 Bf6 41. Ke4 h6 42. Kf3 Rb5 43. Kg4 Rb4+ 44. Kh5 Kf7
45. Re4 0-1

[Event "Staufer op 07th"]
[Site "Schwaebisch Gmuend"]
[Date "1995.??.??"]
[Round "?"]
[White "Kupreichik, Viktor D"]
[Black "Galdunts, Sergey"]
[Result "1-0"]
[WhiteElo "2500"]
[BlackElo "2475"]
[PlyCount "99"]
[EventDate "1995.01.??"]
[EventType "swiss"]
[EventRounds "9"]
[EventCountry "GER"]
[SourceTitle "CBM 045 Extra"]
[Source "ChessBase"]
[SourceDate "1995.05.01"]
[SourceVersion "1"]
[SourceVersionDate "1995.05.01"]
[SourceQuality "1"]

1. e4 e5 2. Nf3 Nc6 3. Bb5 a6 4. Ba4 Nf6 5. O-O Be7 6. Re1 b5 7. Bb3 d6 8. a4
Bb7 9. c3 Na5 10. Bc2 c5 11. d4 O-O 12. dxe5 dxe5 13. Qe2 Nc4 14. Nbd2 Nxd2 15.
Bxd2 Qb8 16. axb5 axb5 17. Qxb5 Rxa1 18. Rxa1 Bxe4 19. Qxb8 Rxb8 20. Bxe4 Nxe4
21. Nxe5 Rxb2 22. Ra8+ Bf8 23. Be1 Rb7 24. f3 Nd6 25. Rd8 Re7 26. Bg3 Nb7 27.
Rb8 f6 28. Nc4 Kf7 29. Kf2 Rd7 30. Ke2 Nd8 31. Nb6 Rb7 32. Rxb7+ Nxb7 33. Kd3
Na5 34. Nd7 Be7 35. Bf2 c4+ 36. Kd4 Ke6 37. Nb6 Bd6 38. Bg3 Be5+ 39. Bxe5 fxe5+
40. Kc5 g5 41. Kb4 Nb3 42. Nxc4 Nc1 43. Nd2 Nd3+ 44. Kb5 h5 45. c4 Ne1 46. g4
hxg4 47. fxg4 Nc2 48. Ne4 Nd4+ 49. Kb6 Nf3 50. h3 1-0

[Event "Staufer op 07th"]
[Site "Schwaebisch Gmuend"]
[Date "1995.??.??"]
[Round "?"]
[White "Pribyl, Martin"]
[Black "Kupreichik, Viktor D"]
[Result "0-1"]
[WhiteElo "2335"]
[BlackElo "2500"]
[PlyCount "116"]
[EventDate "1995.01.??"]
[EventType "swiss"]
[EventRounds "9"]
[EventCountry "GER"]
[SourceTitle "CBM 045 Extra"]
[Source "ChessBase"]
[SourceDate "1995.05.01"]
[SourceVersion "1"]
[SourceVersionDate "1995.05.01"]
[SourceQuality "1"]

1. e4 c5 2. Nf3 d6 3. d4 cxd4 4. Nxd4 Nf6 5. Nc3 Bd7 6. Be3 Nc6 7. f3 e6 8. Qd2
a6 9. g4 h6 10. h4 b5 11. O-O-O Ne5 12. Rg1 Qc7 13. g5 hxg5 14. hxg5 Nh5 15. f4
Nc4 16. Bxc4 Qxc4 17. Kb1 g6 18. f5 b4 19. Nce2 e5 20. b3 Qc7 21. fxg6 fxg6 22.
Nf3 Rc8 23. Rc1 Qb7 24. Qd5 Qxd5 25. exd5 Bg7 26. Nd2 Ke7 27. c4 Bf5+ 28. Ka1
Bd3 29. Rce1 Kd7 30. a3 Nf4 31. Ng3 Rh2 32. Nge4 Ng2 33. Nf3 Nxe1 34. Nf6+ Bxf6
35. Nxh2 Nc2+ 36. Ka2 Nxe3 37. gxf6 Rh8 38. Nf3 e4 39. Nd4 Rh2+ 40. Ka1 Nf5 41.
Ne6 Ke8 42. axb4 Kf7 43. c5 dxc5 44. bxc5 Kxf6 45. c6 Rc2 46. b4 Ne7 47. Nc7 e3
48. d6 Nxc6 49. Nd5+ Ke5 50. Nxe3 Re2 51. Rg5+ Kf6 52. Rg3 Nxb4 53. Nd5+ Nxd5
54. Rxd3 Nb6 55. Rf3+ Ke6 56. Rg3 Kxd6 57. Rxg6+ Kc5 58. Rg5+ Nd5 {(0:1, 69.}
0-1

[Event "Bad Woerishofen op 11th"]
[Site "Bad Woerishofen"]
[Date "1995.??.??"]
[Round "6"]
[White "Schmittdiel, Eckhard"]
[Black "Kupreichik, Viktor D"]
[Result "0-1"]
[WhiteElo "2485"]
[BlackElo "2500"]
[PlyCount "140"]
[EventDate "1995.03.10"]
[EventType "swiss"]
[EventRounds "9"]
[EventCountry "GER"]
[SourceTitle "CBM 047 Extra"]
[Source "ChessBase"]
[SourceDate "1995.09.01"]
[SourceVersion "1"]
[SourceVersionDate "1995.09.01"]
[SourceQuality "1"]

1. e4 e5 2. Nf3 Nc6 3. d4 exd4 4. Nxd4 Bc5 5. Be3 Qf6 6. c3 Qg6 7. Qf3 Bxd4 8.
Bxd4 Nge7 9. Nd2 d5 10. Bb5 O-O 11. Be3 dxe4 12. Qxe4 Bf5 13. Qf3 Ne5 14. Qg3
Ng4 15. O-O-O c6 16. Be2 Nxe3 17. Qxe3 Nd5 18. Qg3 Qh6 19. Rhe1 Rfe8 20. Bf1 b5
21. Re5 Rxe5 22. Qxe5 g6 23. Qd6 Rc8 24. h3 a5 25. g4 Be6 26. Kb1 Qf4 27. Qxf4
Nxf4 28. Nb3 a4 29. Nd4 Bd5 30. Re1 Kf8 31. b3 axb3 32. axb3 c5 33. Nxb5 Bxb3
34. Kb2 Be6 35. c4 h5 36. Re4 g5 37. h4 hxg4 38. hxg5 Nh3 39. g6 Bf5 40. Re5
Bxg6 41. f3 Nf2 42. fxg4 Nxg4 43. Rg5 Nf2 44. Bg2 Re8 45. Kb3 Nd3 46. Nd6 Re1
47. Bd5 Ne5 48. Nb7 Nd7 49. Bc6 Re3+ 50. Ka2 Ne5 51. Bb5 f6 52. Rg1 Bf7 53. Rc1
Nd3 54. Rc3 Bg6 55. Ba4 Re7 56. Nd8 Re2+ 57. Ka3 Ke7 58. Nb7 Be4 59. Na5 f5 60.
Bc2 Nc1 61. Kb2 Na2 62. Kxa2 Bxc2 63. Kb2 Be4+ 64. Kc1 f4 65. Kd1 Rh2 66. Ke1
Kd6 67. Nb3 f3 68. Re3 f2+ 69. Ke2 Bf5 70. Nd2 f1=Q+ 0-1